000 00744nam a2200217Ia 4500
001 9712
003 GE_BSU
008 181216s||||||||xx |||||||||||||| ||und||
040 _cGE_BSU
080 _a908(479.22)+821.353.
100 _aნაცვლიშვილი,პაატა
245 _aქაღალდის წერო
245 _bნარკვევები
245 _cრედ.იპოლიტე გამსახურდია.მხატვ.ვახტანგ რურუა
260 _aთბილისი
260 _bსაბჭოთა საქართველო
260 _c1981
300 _a213გვ.16სმ.
653 _aქაღალდის წერო
942 _cBK
999 _c42995
_d42995